000 004100000a22001210004500
090 _aAS
_bSeriadas
245 1 0 _aKey to the Microfilariae of the genus Litomosoides (<Phylum nematoda>), endoparasites from colombian bats
041 0 _aInglés
700 1 _aGarcía Castañeda, Martha Rocío
_999325
100 1 _aMarinkelle, Cornelis J.
_993557
942 _cARTICULO
773 1 _tCaldasia
_345
_h2
_q167-173
_d1999
_g21
999 _c14692
_d14692